World policy journal
| Autor Corporativo: | |
|---|---|
| Formato: | Electrónico Revista |
| Lenguaje: | inglés |
| Publicado: |
New York, N.Y. :
World Policy Institute,
1983-[2018]
Thousand Oaks, CA : SAGE Publications Durham, NC : Duke University Press |
| Materias: | |
| Acceso en línea: | Full text available from Research Library: 04/01/1988 to 04/30/2006 |
MARC
| LEADER | 00000nas a2200000 a 4500 | ||
|---|---|---|---|
| 001 | ssj0012212 | ||
| 003 | WaSeSS | ||
| 005 | 20200512172242.0 | ||
| 006 | m d | ||
| 007 | cr n | ||
| 008 | 980220d19832018ncuqr pss 0 a0eng c | ||
| 010 | |a 2007214809 | ||
| 015 | |a GBB3A7576 |2 bnb | ||
| 016 | 7 | |a 2068546-4 |2 DE-600 | |
| 016 | 7 | |a 016551625 |2 Uk | |
| 022 | |a 1936-0924 |l 0740-2775 |y 0740-2775 | ||
| 035 | |a (WaSeSS)ssj0012212 | ||
| 040 | |a YWM |b eng |e pn |c YWM |d OCL |d OCLCQ |d AMH |d OCLCQ |d NSD |d DLC |d EYM |d DLC |d OCLCQ |d HEBIS |d OCLCQ |d OCLCF |d UMC |d OCLCE |d OCLCO |d OCLCQ |d DEBBG |d VT2 |d OCLCO |d WT2 |d ZAC |d NLE |d ELW |d OCLCO |d CUY |d U3W |d OCLCQ |d OCLCO |d AU@ |d UKMGB |d TKN |d OCLCO |d HLS |d AUD |d UMC |d RDF |d OCLCQ |d WaSeSS | ||
| 042 | |a nsdp |a pcc |a dlr | ||
| 050 | 1 | 4 | |a D839 |
| 130 | 0 | |a World policy journal (Online) | |
| 222 | 0 | |a World policy journal |b (Online) | |
| 245 | 1 | 0 | |a World policy journal |h [electronic resource]. |
| 246 | 1 | |a WPJ | |
| 260 | |a New York, N.Y. : |b World Policy Institute, |c 1983-[2018] | ||
| 260 | 2 | |3 <fall 2013-> : |a Thousand Oaks, CA : |b SAGE Publications | |
| 260 | 3 | |3 <Spring 2015>-2018 : |a Durham, NC : |b Duke University Press | |
| 310 | |a Quarterly | ||
| 362 | 0 | |a Vol. 1, no. 1 (fall 1983)- | |
| 362 | 1 | |a Ceased with: Vol. 35, no. 2 (summer 2018). | |
| 500 | |a Title from cover (JSTOR, viewed Nov. 20, 2009). | ||
| 506 | |a License restrictions may limit access. | ||
| 538 | |a Master and use copy. Digital master created according to Benchmark for Faithful Digital Reproductions of Monographs and Serials, Version 1. Digital Library Federation, December 2002. |u http://purl.oclc.org/DLF/benchrepro0212 |5 MiAaHDL | ||
| 583 | 1 | |a digitized |c 2011 |h HathiTrust Digital Library |l committed to preserve |2 pda |5 MiAaHDL | |
| 588 | 1 | |a Vol. 35, no. 2 (summer 2018) (Duke University Press, viewed Aug. 1, 2019). | |
| 650 | 0 | |a World politics |v Periodicals. | |
| 650 | 6 | |a Politique mondiale |y 1975-1985 |v Périodiques. | |
| 650 | 7 | |a World politics. |2 fast |0 (OCoLC)fst01181381 | |
| 650 | 1 | 7 | |a Internationale politiek. |2 gtt |
| 650 | 7 | |a Politique étrangère. |2 rasuqam | |
| 650 | 7 | |a Politique internationale. |2 rasuqam | |
| 650 | 1 | 7 | |a Politique mondiale. |2 rasuqam |
| 650 | 1 | 7 | |a FOREIGN RELATIONS. |2 unbist |
| 650 | 1 | 7 | |a UNITED STATES. |2 unbist |
| 650 | 1 | 7 | |a INTERNATIONAL RELATIONS. |2 unbist |
| 655 | 0 | |a Electronic journals. | |
| 710 | 2 | |a World Policy Institute. | |
| 776 | 0 | 8 | |i Print version: |t World policy journal |x 0740-2775 |w (DLC) 84641517 |w (OCoLC)9902768 |
| 856 | 4 | 0 | |z Full text available from Research Library: 04/01/1988 to 04/30/2006 |u https://search.proquest.com/publication/38104 |